Hispania sive de regis hispaniae regnis et opibus commentarius. (Record no. 8247)

MARC details
000 -CABECERA
campo de control de longitud fija 00957nam a2200277 a 4500
001 - NÚMERO DE CONTROL
campo de control BRCA_8584
005 - FECHA Y HORA DE LA ÚLTIMA TRANSACCIÓN
campo de control 20190320210334.0
008 - DATOS DE LONGITUD FIJA--INFORMACIÓN GENERAL
campo de control de longitud fija 220816c--------fr-#######---#000-0#lat-#
041 ## - CÓDIGO DE LENGUA
Código de lengua del texto/banda sonora o título independiente lat
044 ## - CÓDIGO DEL PAÍS DE LA ENTIDAD EDITORA/PRODUCTORA
Código MARC del país fr
050 #4 - SIGNATURA TOPOGRÁFICA DE LA BIBLIOTECA DEL CONGRESO
Número de clasificación DP1402
Número de documento/Ítem .H57
-- 1629
245 10 - MENCIÓN DE TÍTULO
Título Hispania sive de regis hispaniae regnis et opibus commentarius.
260 ## - PUBLICACIÓN, DISTRIBUCIÓN, ETC.
Lugar de publicación, distribución, etc. Lugdurum bataronum
Nombre del editor, distribuidor, etc. Ex officina elzeviriana
Fecha de publicación, distribución, etc. 1629
300 ## - DESCRIPCIÓN FÍSICA
Extensión 520 p.
Dimensiones 11 cm
500 ## - NOTA GENERAL
Nota general Fondo antiguo
500 ## - NOTA GENERAL
Nota general Se encuentra en Caja Fuerte
500 ## - NOTA GENERAL
Nota general P-124
500 ## - NOTA GENERAL
Nota general Grabado en portada
500 ## - NOTA GENERAL
Nota general Con Ex-libris de: Franz Mayer
500 ## - NOTA GENERAL
Nota general Incluye índice de los capítulos e índice alfabético
500 ## - NOTA GENERAL
Nota general Nota de encuadernación: pasta española, edición de cantos dorados
506 0# - NOTA DE RESTRICCIONES AL ACCESO
Limitaciones de acceso Fondo reservado: para su consulta es necesario credencial de usuario y carta de motivos
650 14 - PUNTO DE ACCESO ADICIONAL DE MATERIA--TÉRMINO DE MATERIA
Término de materia o nombre geográfico como elemento de entrada España
Término indicativo de función/relación Historia
Subdivisión de forma Trabajos anteriores a 1800
9 (RLIN) 21487
902 ## - CATALOGADOR
Iniciales LAR
942 ## - ELEMENTOS DE PUNTO DE ACCESO ADICIONAL (KOHA)
Fuente del sistema de clasificación o colocación Library of Congress Classification
Tipo de ítem Koha Libros
Holdings
Estado de retiro Estado de pérdida Estado dañado No para préstamo Localización permanente Ubicación/localización actual Fecha de adquisición Número de inventario Total de préstamos Signatura topográfica completa Código de barras Fecha visto por última vez Precio válido a partir de Tipo de ítem Koha
El ejemplar forma parte de la colección y puede ser consultado según las políticas vigentes.       Biblioteca del Museo Franz Mayer (Rogerio Casas-Alatriste) Biblioteca del Museo Franz Mayer (Rogerio Casas-Alatriste) 22/08/2016 P-124   DP1402 .H57 1629 (P-124) LAR00089 22/03/2019 22/03/2019 Libros